|
|
|
|
| LEADER |
01413nam a2200373 a 4500 |
| 001 |
nkc20081812690 |
| 003 |
CZ PrNK |
| 005 |
20081006140421.0 |
| 007 |
ta |
| 008 |
080716s2008 xr achie 000 0 cze |
| 015 |
|
|
|a cnb001812690
|
| 020 |
|
|
|a 978-80-254-3115-3
|q (v knize neuvedeno :
|q brož.)
|
| 035 |
|
|
|a (OCoLC)244817226
|
| 040 |
|
|
|a OLA001
|b cze
|d ABA001
|
| 043 |
|
|
|a e-xr---
|b e-xr-ol
|2 czenas
|
| 072 |
|
7 |
|a 94(437)
|x Dějiny Česka a Slovenska
|2 Konspekt
|9 8
|
| 080 |
|
|
|a 94(437.325)
|2 MRF
|
| 080 |
|
|
|a (048.8)
|2 MRF
|
| 100 |
1 |
|
|a Lapáček, Jiří,
|d 1960-
|7 ola2002156499
|4 aut
|
| 245 |
1 |
0 |
|a Dřevohostice :
|b historie městyse v datech /
|c Jiří Lapáček, Věra Fišmistrová, Hana Sedlářová
|
| 260 |
|
|
|a Dřevohostice :
|b městys Dřevohostice,
|c 2008
|
| 300 |
|
|
|a 72 s. :
|b il., portréty, faksim., erby ;
|c 21 cm
|
| 504 |
|
|
|a Obsahuje bibliografii
|
| 655 |
|
7 |
|a chronologické přehledy
|7 fd131969
|2 czenas
|
| 655 |
|
9 |
|a chronological surveys
|2 eczenas
|
| 651 |
|
7 |
|a Dřevohostice (Česko)
|7 ge129122
|x dějiny
|2 czenas
|
| 651 |
|
9 |
|a Dřevohostice (Czechia)
|x history
|2 eczenas
|
| 700 |
1 |
|
|a Fišmistrová, Věra,
|d 1951-
|7 mzk2006348942
|4 aut
|
| 700 |
1 |
|
|a Sedlářová, Hana
|7 mzk2008463845
|4 aut
|
| 910 |
2 |
|
|a BOA001
|b 2-1209.413
|
| 990 |
|
|
|a BK
|
| 995 |
|
|
|a 01
|
| 991 |
|
|
|b 200808
|c NOV
|
| 996 |
6 |
|
|b 2610351004
|c 2-1209.413
|l MZK
|r Sklad / do 1 hodiny
|n 14
|p p.v.
|w 001071714
|u 000010
|a 1
|e BOA001
|j MZK50
|s P
|